000 00704nam a2200205 i 4500
001 39932
003 ES-MaACL
005 20240229063308.0
007 t|
008 030304s1943 sp ||||1| spa d
100 0 _aCarr, Edward Hallett,
_d1892-1982
_935467
245 1 0 _aGuerra y revolución /
_cEdward Hallet Carr.
260 _aMadrid :
_b[s.n.],
_c1943 (
_fImp. S. Aguirre)
300 _a42 p. ;
_c25 cm.
500 _aPrecede al tít.: Instituto de Estudios Políticos.
500 _aEs separata de: Revista de Estudios políticos, nº 12, 1943.
710 2 _aInstituto de Estudios Políticos (Madrid)
_94924
852 _aES-MaACL
_j1847-F-5
_bR.20511
999 _c39932
_d39932